Statistiques concernant Joueurs de l'Equipe de France de football à partir de 2006

Cliquez ici pour prendre le quiz!

Statistiques générales

  • Ce quiz a été pris 719 fois
  • Le résultat moyen est 31 sur 81

Statistiques - réponses

Année de 1ère sélectionPosteJoueurSélectionsButs% Correct
2008GardienHugo Lloris850
90%
2007AttaquantKarim Benzema8127
87%
2014AttaquantAntoine Griezmann3914
86%
2013MilieuPaul Pogba448
82%
2013DéfenseurRaphaël Varane352
82%
2008GardienSteve Mandanda240
82%
2011AttaquantOlivier Giroud5921
80%
2006MilieuFranck Ribéry8116
75%
2010MilieuBlaise Matuidi558
71%
2016MilieuN'Golo Kanté131
71%
2016DéfenseurSamuel Umtiti40
65%
2010DéfenseurAdil Rami331
64%
2011DéfenseurLaurent Koscielny421
60%
2016GardienBenoît Costil10
59%
2010MilieuMathieu Valbuena528
59%
2007DéfenseurBacary Sagna650
58%
2007MilieuSamir Nasri415
57%
2010GardienStéphane Ruffier30
56%
2013AttaquantAlexandre Lacazette101
54%
2009AttaquantAndré-Pierre Gignac367
53%
2007AttaquantHatem Ben Arfa152
53%
2009MilieuMoussa Sissoko501
53%
2010MilieuYohan Cabaye484
53%
2015AttaquantKingsley Coman111
52%
2010AttaquantDimitri Payet328
51%
2014DéfenseurLucas Digne150
49%
2010DéfenseurMamadou Sakho282
49%
2008MilieuYoann Gourcuff314
49%
2015AttaquantAnthony Martial151
47%
2016AttaquantOusmane Dembélé30
47%
2011DéfenseurMathieu Debuchy272
46%
2012DéfenseurChristophe Jallet111
44%
2015MilieuNabil Fékir71
43%
2016DéfenseurDjibril Sidibé60
42%
2007MilieuLassana Diarra340
42%
2016MilieuAdrien Rabiot10
41%
2008DéfenseurGaël Clichy200
38%
2010AttaquantJérémy Ménez242
38%
2010AttaquantKévin Gameiro123
35%
2011MilieuMarvin Martin152
35%
2008AttaquantBafétimbi Gomis123
34%
2014DéfenseurLayvin Kurzawa61
32%
2009AttaquantLoïc Rémy307
32%
2016MilieuThomas Lemar10
32%
2007MilieuAbou Diaby161
31%
2014MilieuMorgan Schneiderlin150
31%
2013DéfenseurEliaquim Mangala80
30%
2006MilieuJérémy Toulalan360
29%
2014AttaquantRémy Cabella40
27%
2013MilieuClément Grenier50
25%
2011MilieuMaxime Gonalons80
25%
2015DéfenseurKurt Zouma20
23%
2012DéfenseurBenoît Trémoulinas50
22%
2011GardienCédric Carasso10
22%
2010AttaquantGuillaume Hoarau50
22%
2011DéfenseurJérémy Mathieu50
20%
2010DéfenseurMarc Planus10
20%
2010MilieuYann M'vila221
20%
2006DéfenseurPascal Chimbonda10
19%
2007GardienSébastien Frey20
19%
2013MilieuGeoffrey Kondogbia50
18%
2015AttaquantPaul-Georges N'tep20
17%
2016DéfenseurSébastien Corchia10
17%
2008AttaquantSteve Savidan10
17%
2012MilieuClément Chantôme10
16%
2012DéfenseurMapou Yanga-Mbiwa40
15%
2012DéfenseurEtienne Capoue71
14%
2006MilieuJulien Faubert11
14%
2006DéfenseurFrançois Clerc130
13%
2006DéfenseurJulien Escudé130
13%
2010DéfenseurAly Cissokho10
12%
2013MilieuJosuha Guilavogui70
12%
2007MilieuMathieu Flamini30
12%
2010MilieuCharles N'Zogbia20
11%
2008AttaquantJimmy Briand50
11%
2011DéfenseurYounès Kaboul51
11%
2010DéfenseurMickaël Ciani10
9%
2008DéfenseurRod Fanni50
9%
2012MilieuMorgan Amalfitano10
8%
2008AttaquantFlorent Sinama-Pongolle10
7%
2007AttaquantFrédéric Piquionne10
4%

Distribution des résultats

Percentile par nombre de réponses

% des personnes avec chaque résultat

Votre développement - résultats

Vous n’avez pas pris ce quiz